[Event "Corus 2010 - C"]
[Site "Wijk aan Zee"]
[Date "16.01.2010"]
[Round "1C"]
[White "Kuipers,S"]
[Black "Lie,K"]
[Result "1/2-1/2"]
[WhiteElo "2340"]
[BlackElo "2547"]
[EventDate "2010.01.16"]

1. e4 c5 2. Nf3 g6 3. d4 cxd4 4. Nxd4 Nc6 5. c4 Nf6 6. Nc3 d6 7. Be2 Bg7 8.
Be3 O-O 9. O-O Nxd4 10. Bxd4 Bd7 11. Qd2 Bc6 12. f3 Nd7 13. Be3 a5 14. b3
Nc5 15. Rab1 Qb6 16. Rfc1 Rfc8 17. Rc2 Qd8 18. Bf1 h5 19. a3 Kh7 20. Ne2
Qh8 21. Nf4 a4 22. b4 Nb3 23. Qf2 e5 24. Ne2 Bd7 25. Rd1 Be6 26. Nc3 Bxc4
27. Bxc4 Rxc4 28. Nxa4 Rxc2 29. Qxc2 Nd4 30. Bxd4 exd4 31. Qb3 Qd8 32. Nb2
Qg5 33. Nc4 Rc8 34. a4 d5 35. exd5 Qxd5 36. Nd2 Qxb3 37. Nxb3 Rc4 38. b5
Rxa4 39. Nc5 Rb4 40. Nxb7 Rxb5 41. Nd8 Rd5 42. Nc6 Rc5 43. Nb4 Rc4 44. Nd3
Rc2 45. Nb4 Rc4 46. Nd3 Bh6 47. f4 Kg7 48. Ne5 Ra4 49. g3 Kf6 50. Kg2 Bg7
51. Rb1 Ra7 52. Rb4 Kf5 53. Rxd4 Ra2+ 54. Kg1 Bxe5 55. fxe5 Kxe5 56. Rf4 f6
57. h4 Re2 58. Ra4 Rd2 59. Ra6 Kf5 60. Ra4 Rb2 61. Rf4+ Ke5 62. Ra4 Re2 63.
Rb4 Rd2 64. Rb6 Rd6 65. Rb4 Rd4 66. Rb6 Rd2 67. Ra6 Rb2 68. Rc6 Kf5 69. Rc4
g5 70. hxg5 Kxg5 71. Ra4 f5 72. Rc4 Re2 73. Ra4 Re4 74. Ra2 Kg4 75. Kg2 Rb4
76. Rf2 Ra4 77. Rb2 h4 78. gxh4 Ra3 79. h5 Rg3+ 80. Kf2 Rh3 81. Rb4+ f4 82.
h6 Rh2+ 83. Kg1 Rxh6 84. Rb3 Re6 85. Kf1 Re4 86. Ra3 Rb4 87. Rc3 f3 88. Rc8
f2 89. Kxf2 1/2-1/2

[Event "Corus 2010 - C"]
[Site "Wijk aan Zee"]
[Date "16.01.2010"]
[Round "1C"]
[White "Peng Zhaoqin"]
[Black "Van Kampen,R"]
[Result "1/2-1/2"]
[WhiteElo "2402"]
[BlackElo "2456"]
[EventDate "2010.01.16"]

1. d4 d5 2. c4 c6 3. Nf3 Nf6 4. e3 Bf5 5. Nc3 e6 6. Nh4 Be4 7. f3 Bg6 8.
Qb3 Qc7 9. Bd2 Be7 10. Nxg6 hxg6 11. O-O-O dxc4 12. Bxc4 a6 13. Kb1 b5 14.
Bd3 c5 15. dxc5 Nbd7 16. Ne4 Nxe4 17. Bxe4 Nxc5 18. Qc2 Rc8 19. Rc1 O-O 20.
Bc3 Qb8 21. Bd4 Na4 22. Qb3 Rxc1+ 23. Rxc1 Qxh2 24. f4 Bf6 25. Bxf6 gxf6
26. Qc2 Qg3 27. Qd2 Nb6 28. b3 f5 29. Rh1 fxe4 30. Qd4 e5 31. Qxe5 f6 32.
Qe7 Rf7 33. Qd8+ Rf8 34. Qe7 Rf7 35. Qd8+ Rf8 1/2-1/2

[Event "Corus 2010 - C"]
[Site "Wijk aan Zee"]
[Date "16.01.2010"]
[Round "1C"]
[White "Bok,B"]
[Black "Li Chao2"]
[Result "0-1"]
[WhiteElo "2322"]
[BlackElo "2604"]
[EventDate "2010.01.16"]

1. e4 c5 2. Nf3 d6 3. d4 cxd4 4. Nxd4 Nf6 5. Nc3 Bd7 6. Bg5 e6 7. Qd2 a6 8.
f3 Be7 9. O-O-O b5 10. Be3 h5 11. Bd3 g6 12. a3 Qc7 13. Bg5 Qb6 14. Be2 b4
15. axb4 Qxb4 16. Na2 Qb6 17. Qb4 Nd5 18. Qd2 Nb4 19. Nxb4 Qa5 20. Kb1 Qxg5
21. f4 Qc5 22. f5 a5 23. Na2 a4 24. fxe6 fxe6 25. Nc3 a3 26. b3 a2+ 27. Ka1
Bf6 28. Rhf1 Be5 29. Bc4 Nc6 30. Nce2 Na5 31. c3 Nxc4 32. bxc4 Qxc4 33. Nf3
Qxe2 34. Qxe2 Bxc3+ 35. Qb2 Bxb2+ 36. Kxb2 Ke7 37. e5 d5 38. Nh4 Rhb8+ 39.
Ka1 g5 40. Ng6+ Kd8 41. Rf8+ Be8 42. Rf6 Ba4 43. Rf8+ Kd7 44. Rf7+ Kc6 45.
Rc1+ Kb5 46. Rfc7 Kb4 47. Ne7 Ra6 48. Kxa2 Bb5+ 49. Kb2 Rba8 50. Nc6+ Bxc6
51. R1xc6 Rxc6 52. Rxc6 Rf8 53. Rxe6 Rf2+ 54. Kc1 Rxg2 55. Rg6 Kc3 56. Kd1
d4 57. Ke1 d3 58. Rc6+ Kd4 59. Kf1 Rxh2 60. e6 Re2 61. Rd6+ Kc3 62. Rc6+
Kd2 63. Ra6 Re5 64. Ra2+ Ke3 65. Ke1 Kf3+ 0-1

[Event "Corus 2010 - C"]
[Site "Wijk aan Zee"]
[Date "16.01.2010"]
[Round "1C"]
[White "Vocaturo,D"]
[Black "Plukkel,S"]
[Result "1-0"]
[WhiteElo "2495"]
[BlackElo "2279"]
[EventDate "2010.01.16"]

1. e4 e5 2. Bc4 Nf6 3. d3 Bc5 4. Nf3 d6 5. c3 O-O 6. O-O Bg4 7. h3 Bh5 8.
Re1 Nbd7 9. Nbd2 a5 10. Bb3 c6 11. Nf1 Qb6 12. Qe2 d5 13. Ng3 Bg6 14. Bc2
dxe4 15. dxe4 Nh5 16. Nxh5 Bxh5 17. g4 Bg6 18. Nh4 Nf6 19. Qf3 Rad8 20. Rb1
Rd7 21. a3 a4 22. Bg5 h6 23. Bxf6 gxf6 24. b4 axb3 25. Bxb3 Kg7 26. Nf5+
Bxf5 27. gxf5 Qa7 28. Kh1 Kh7 29. Rg1 Qb8 30. Qh5 Qd8 31. Rg2 Rg8 32. Bxf7
Rxg2 33. Kxg2 Qf8 34. Qg6+ Kh8 35. Qxf6+ Qg7+ 36. Qxg7+ Kxg7 37. Be6 Rc7
38. a4 Kf6 39. Kf3 Rg7 40. a5 b5 41. a6 Ra7 42. Bc8 Rc7 43. Bb7 Rd7 44. Ke2
Rd6 45. Rg1 Kf7 46. Bc8 Rd8 47. Be6+ Ke8 48. f6 Bf8 49. Rg7 Ra8 50. Rc7 1-0

[Event "Corus 2010 - C"]
[Site "Wijk aan Zee"]
[Date "17.01.2010"]
[Round "2C"]
[White "Soumya,Sw"]
[Black "Plukkel,S"]
[Result "1/2-1/2"]
[WhiteElo "2323"]
[BlackElo "2279"]
[EventDate "2010.01.16"]

1. e4 c5 2. Nf3 d6 3. d4 cxd4 4. Nxd4 Nf6 5. Nc3 Nc6 6. Bg5 e6 7. Qd2 Be7
8. O-O-O O-O 9. f4 Nxd4 10. Qxd4 Qa5 11. Bc4 Bd7 12. e5 dxe5 13. fxe5 Bc6
14. Bd2 Nd7 15. Nd5 Qd8 16. Nxe7+ Qxe7 17. Rhe1 Rfd8 18. Qg4 Nb6 19. Bf1
Qc5 20. Qb4 Qxb4 21. Bxb4 Rxd1+ 22. Rxd1 f6 23. Re1 Kf7 24. g3 Rc8 25. Bd6
f5 26. Bd3 g5 27. Kd2 Nd7 28. c4 a5 29. Ke3 Nf8 30. Rf1 Ng6 31. Kd4 g4 32.
b3 h5 33. Be2 Kg7 34. a3 h4 35. b4 axb4 36. axb4 Ra8 37. b5 Bg2 38. Rf2 h3
39. Bf1 Be4 40. Bd3 Bg2 41. Bf1 Bxf1 42. Rxf1 Ra2 43. c5 Rxh2 44. Rb1 Nf8
45. c6 bxc6 46. bxc6 Rc2 47. Bc5 Ng6 48. c7 Ne7 49. Bxe7 Rxc7 50. Bg5 Rc2
51. Bf4 Rg2 52. Kc5 h2 53. Rh1 Kf7 54. Kd4 Ke7 55. Ke3 Kd7 56. Kd4 Kc6 57.
Be3 Kd7 58. Bf4 Re2 59. Kd3 Rf2 60. Be3 Rg2 61. Bf4 1/2-1/2

[Event "Corus 2010 - C"]
[Site "Wijk aan Zee"]
[Date "17.01.2010"]
[Round "2C"]
[White "Li Chao2"]
[Black "Vocaturo,D"]
[Result "1/2-1/2"]
[WhiteElo "2604"]
[BlackElo "2495"]
[EventDate "2010.01.16"]

1. e4 e5 2. Nf3 Nc6 3. d4 exd4 4. Nxd4 Nf6 5. Nxc6 bxc6 6. e5 Qe7 7. Qe2
Nd5 8. c4 Nb6 9. Nc3 Qe6 10. Qe4 g6 11. f4 d5 12. exd6 cxd6 13. Be3 Bg7 14.
O-O-O d5 15. cxd5 Nxd5 16. Qxe6+ Bxe6 17. Nxd5 Bxd5 18. Bc5 O-O-O 19. Ba6+
Kc7 20. Rhe1 Rhe8 21. Be7 Rb8 22. b3 Kb6 23. Bc4 Bc3 24. Re2 Bxc4 25. bxc4
Bb4 26. Rd7 Ka6 27. Re5 Bxe7 28. Rexe7 Rxe7 29. Rxe7 Rb7 30. Re4 Kb6 31.
Kc2 Kc5 32. Kc3 f6 33. Re6 Rb1 34. Rxf6 Rg1 35. g3 Rg2 36. f5 Rxh2 37. fxg6
hxg6 38. Rxg6 Rxa2 39. Rg5+ Kd6 1/2-1/2

[Event "Corus 2010 - C"]
[Site "Wijk aan Zee"]
[Date "17.01.2010"]
[Round "2C"]
[White "Van Kampen,R"]
[Black "Bok,B"]
[Result "1/2-1/2"]
[WhiteElo "2456"]
[BlackElo "2322"]
[EventDate "2010.01.16"]

1. e4 e5 2. Nf3 Nc6 3. Bb5 a6 4. Ba4 Nf6 5. O-O Be7 6. Re1 b5 7. Bb3 d6 8.
c3 O-O 9. h3 Na5 10. Bc2 c5 11. d4 Qc7 12. Nbd2 cxd4 13. cxd4 Nc6 14. Nb3
a5 15. Be3 a4 16. Nbd2 Bd7 17. Rc1 Qb7 18. Nf1 Rfe8 19. Ng3 Bd8 20. d5 Nb4
21. Bb1 Na6 22. Nh4 g6 23. Bg5 Kg7 24. Qd2 Ng8 25. Bxd8 Raxd8 26. Nhf5+
gxf5 27. Qg5+ Kf8 28. Nh5 f4 29. Qg7+ Ke7 30. Qg5+ Kf8 31. Qg7+ 1/2-1/2

[Event "Corus 2010 - C"]
[Site "Wijk aan Zee"]
[Date "17.01.2010"]
[Round "2C"]
[White "Lie,K"]
[Black "Peng Zhaoqin"]
[Result "0-1"]
[WhiteElo "2547"]
[BlackElo "2402"]
[EventDate "2010.01.16"]

1. e4 c5 2. Nf3 e6 3. d4 cxd4 4. Nxd4 Nc6 5. Nc3 Qc7 6. Be3 a6 7. Bd3 Nf6
8. O-O Nxd4 9. Bxd4 Bc5 10. Bxc5 Qxc5 11. Kh1 d6 12. Na4 Qc7 13. c4 O-O 14.
Rc1 Bd7 15. Nc3 Bc6 16. f4 Qe7 17. Rc2 Rad8 18. Rd2 h6 19. Re1 Rfe8 20. Re3
Qc7 21. Bb1 Qb6 22. Rg3 e5 23. f5 Qc5 24. a3 a5 25. Qe2 Rc8 26. Ba2 Kf8 27.
Rd1 Red8 28. Rb1 a4 29. Rd1 Rb8 30. Rd2 Ra8 31. h3 Ra6 32. Bb1 Rb6 33. Qd1
Rb3 34. Nxa4 Bxa4 35. Rxb3 Qxc4 36. Rxd6 Rxd6 37. Qxd6+ Kg8 38. Rg3 Nh5 39.
Rg4 Qc1+ 40. Kh2 Bd1 41. Rh4 Qxb1 42. Qb8+ Kh7 43. Qxe5 Qc2 44. f6 Nxf6 45.
Qf5+ Kg8 46. Rf4 Qc7 47. Kg1 Bc2 48. b4 b6 49. g4 Qc4 50. Qe5 Bxe4 51. Qb8+
Kh7 52. Qxb6 Nd5 53. Rxe4 0-1

[Event "Corus 2010 - C"]
[Site "Wijk aan Zee"]
[Date "17.01.2010"]
[Round "2C"]
[White "Grandelius,N"]
[Black "Kuipers,S"]
[Result "0-1"]
[WhiteElo "2515"]
[BlackElo "2340"]
[EventDate "2010.01.16"]

1. c4 c6 2. Nf3 Nf6 3. g3 d5 4. Bg2 dxc4 5. O-O Nbd7 6. Qc2 Nb6 7. Na3 Qd5
8. b3 cxb3 9. axb3 Be6 10. Rb1 g6 11. d3 Rd8 12. Nc4 Bg7 13. Nfe5 Qb5 14.
Ra1 Nxc4 15. Nxc4 O-O 16. Bd2 Qh5 17. Rfe1 Bh3 18. Ra5 Qg4 19. Bf3 Qc8 20.
Rxa7 Nd5 21. Ra2 Qd7 22. b4 Be6 23. Ra5 Nc7 24. Nb6 Qd4 25. Na4 Nb5 26. Nc5
Bc8 27. Nb3 Qd6 28. Ra4 Be6 29. Bf4 Bxb3 30. Qxb3 e5 31. Be3 Rfe8 32. Kg2
Ra8 33. Bc5 Qc7 34. Rea1 Rad8 35. Be4 Kh8 36. Rc1 Ra8 37. Be3 Qd7 38. Qa2
Rxa4 39. Qxa4 f5 40. Bf3 e4 41. dxe4 fxe4 42. Bxe4 Rxe4 43. Rd1 Qc8 44. Qb3
Nc3 45. Rd6 Nd5 46. Bg5 Qf8 47. Rd7 h6 48. Qd3 Rd4 49. Qxg6 Ne3+ 0-1

[Event "Corus 2010 - C"]
[Site "Wijk aan Zee"]
[Date "17.01.2010"]
[Round "2C"]
[White "Gupta,Ab"]
[Black "Muzychuk,M"]
[Result "1/2-1/2"]
[WhiteElo "2577"]
[BlackElo "2447"]
[EventDate "2010.01.16"]

1. d4 f5 2. g3 Nf6 3. Bg2 g6 4. Nf3 Bg7 5. O-O O-O 6. b3 d6 7. Bb2 e6 8.
Nbd2 Nc6 9. c4 Qe7 10. Qc1 a5 11. Re1 Ne4 12. a3 Nxd2 13. Qxd2 e5 14. d5
Nd8 15. b4 a4 16. c5 Nf7 17. Qc2 Bd7 18. Rac1 g5 19. Nd2 g4 20. Nc4 dxc5
21. bxc5 Qxc5 22. Ne3 Qxc2 23. Rxc2 Rac8 24. Rec1 Nd6 25. Rxc7 Rxc7 26.
Rxc7 Rf7 27. Nc4 Nxc4 28. Rxc4 e4 29. Bxg7 Kxg7 30. f3 exf3 31. exf3 gxf3
32. Bxf3 Kf6 33. Rc7 Bb5 34. Rc5 Bd3 35. Kf2 Be4 36. Ra5 Ke5 37. Rxa4 Kxd5
38. Ke3 Bxf3 39. Kxf3 Rc7 40. Ra7 Ke5 41. a4 Kf6 42. Ke3 Rc2 43. Rxb7 Rxh2
44. Ra7 Ra2 45. a5 Ra3+ 46. Kf2 Kg5 47. a6 f4 48. gxf4+ Kxf4 49. Ra8 Ra2+
50. Ke1 Kg5 51. Kd1 Kh4 52. Kc1 h5 53. Kb1 Ra5 54. Kc2 Kh3 55. a7 h4 56.
Kd2 Kh2 57. Rh8 Rxa7 1/2-1/2

[Event "Corus 2010 - C"]
[Site "Wijk aan Zee"]
[Date "17.01.2010"]
[Round "2C"]
[White "Robson,R"]
[Black "Swinkels,R"]
[Result "1-0"]
[WhiteElo "2570"]
[BlackElo "2495"]
[EventDate "2010.01.16"]

1. e4 e5 2. Nf3 Nc6 3. Bb5 a6 4. Ba4 Nf6 5. O-O Be7 6. Re1 d6 7. c3 Bg4 8.
d3 Nd7 9. Nbd2 Nc5 10. Bc2 Ne6 11. h3 Bh5 12. Nf1 Ng5 13. Bxg5 Bxg5 14. Ng3
Bxf3 15. Qxf3 O-O 16. Qg4 g6 17. Rf1 h5 18. Qd1 Qf6 19. Ne2 Nd8 20. g3 Qf3
21. Kh2 Ne6 22. Ng1 Qf6 23. Kg2 Rad8 24. Nf3 Bh6 25. Qe2 Rfe8 26. Rad1 Bg7
27. Rfe1 Qe7 28. a3 c5 29. Bb3 b5 30. Nd2 Bh6 31. Nf1 h4 32. Nh2 Kg7 33.
Nf3 Bg5 34. Rf1 Bf6 35. Nh2 Rh8 36. Ng4 Rh7 37. Ne3 Rdh8 38. Qg4 Kf8 39.
Nd5 Qd8 40. f4 hxg3 41. fxe5 Rh4 42. Qf3 Rxh3 43. Qxf6 Rh2+ 44. Kf3 Ng5+
45. Ke3 Qxf6 46. Nxf6 Rxb2 47. exd6 g2 48. Rg1 Rh3+ 49. Kf4 Nf3 50. Ng8 Ke8
51. Bxf7+ Kd8 52. e5 Nxg1 53. Rxg1 Rf2+ 54. Kg4 Rxd3 55. e6 Re3 56. Ne7 Rd2
57. Nc6+ Kc8 58. d7+ Kc7 59. d8=Q+ Rxd8 60. Nxd8 Kxd8 61. Rxg2 Rxc3 62.
Bxg6 Ke7 63. Bf5 Rxa3 64. Kf4 Ra1 65. Rg7+ Kf6 66. Rf7+ 1-0

[Event "Corus 2010 - C"]
[Site "Wijk aan Zee"]
[Date "18.01.2010"]
[Round "3C"]
[White "Swinkels,R"]
[Black "Soumya,Sw"]
[Result "1-0"]
[WhiteElo "2495"]
[BlackElo "2323"]
[EventDate "2010.01.16"]

1. c4 e5 2. g3 Nf6 3. Bg2 d5 4. cxd5 Nxd5 5. Nf3 Nc6 6. Nc3 Nb6 7. O-O Be7
8. a3 Be6 9. b4 a5 10. b5 Nd4 11. Rb1 Nc4 12. a4 f6 13. d3 Nb6 14. Nd2 Nd5
15. Bxd5 Bxd5 16. e3 Be6 17. exd4 Qxd4 18. Nde4 O-O-O 19. b6 c6 20. Be3
Qxd3 21. Qxd3 Rxd3 22. Rfd1 Rhd8 23. Rxd3 Rxd3 24. Rd1 Rxd1+ 25. Nxd1 Bb3
26. Nb2 Ba3 27. Nc5 Bd5 28. Nbd3 g5 29. Bc1 1-0

[Event "Corus 2010 - C"]
[Site "Wijk aan Zee"]
[Date "18.01.2010"]
[Round "3C"]
[White "Muzychuk,M"]
[Black "Robson,R"]
[Result "1/2-1/2"]
[WhiteElo "2447"]
[BlackElo "2570"]
[EventDate "2010.01.16"]

1. d4 Nf6 2. c4 e6 3. Nc3 Bb4 4. Qc2 d5 5. cxd5 exd5 6. Bg5 h6 7. Bxf6 Qxf6
8. e3 O-O 9. a3 Bxc3+ 10. Qxc3 Bf5 11. Nf3 Nd7 12. Bd3 Bxd3 13. Qxd3 c5 14.
Qb5 Qc6 15. Qxc6 bxc6 16. dxc5 Nxc5 17. b4 Ne6 18. Ne5 Rfc8 19. Rc1 c5 20.
bxc5 Rxc5 21. Rxc5 Nxc5 22. Nc6 f6 23. Ke2 Kf7 24. Rc1 Ne6 25. Rb1 Rc8 26.
Rb7+ Kf8 27. Nxa7 Rc2+ 28. Kf1 Rc1+ 29. Ke2 Rc2+ 30. Kf1 1/2-1/2

[Event "Corus 2010 - C"]
[Site "Wijk aan Zee"]
[Date "18.01.2010"]
[Round "3C"]
[White "Kuipers,S"]
[Black "Gupta,Ab"]
[Result "0-1"]
[WhiteElo "2340"]
[BlackElo "2577"]
[EventDate "2010.01.16"]

1. e4 c5 2. Nf3 d6 3. d4 cxd4 4. Nxd4 Nf6 5. Nc3 Nc6 6. Bg5 e6 7. Qd2 a6 8.
O-O-O Bd7 9. f4 b5 10. Bxf6 gxf6 11. Kb1 Qb6 12. Nxc6 Bxc6 13. f5 b4 14.
Ne2 e5 15. Ng3 Qc5 16. Nh5 Ke7 17. Bd3 Rg8 18. Rhe1 a5 19. Qe2 Bh6 20. Bc4
Rg5 21. h4 Rxh5 22. Qxh5 Qxc4 23. b3 Qc5 24. Qxh6 Rg8 25. Rd2 Rg3 26. Qh5
a4 27. Qe2 Bb5 28. Qf2 Qc3 29. bxa4 Bc4 30. Red1 Qa3 31. c3 Rxc3 32. Rxd6
Kf8 33. h5 h6 34. Qd2 Kg7 35. Rxf6 Bd3+ 36. Ka1 Kxf6 37. Qxh6+ Ke7 38. Qg5+
Kd7 39. Qe3 Kc8 40. Qh6 b3 0-1

[Event "Corus 2010 - C"]
[Site "Wijk aan Zee"]
[Date "18.01.2010"]
[Round "3C"]
[White "Peng Zhaoqin"]
[Black "Grandelius,N"]
[Result "1/2-1/2"]
[WhiteElo "2402"]
[BlackElo "2515"]
[EventDate "2010.01.16"]

1. d4 Nf6 2. c4 e6 3. Nc3 Bb4 4. Qc2 O-O 5. a3 Bxc3+ 6. Qxc3 d5 7. Nf3 dxc4
8. Qxc4 b6 9. g3 Ba6 10. Qc2 Nbd7 11. Bg2 c5 12. b4 Bb7 13. dxc5 bxc5 14.
O-O cxb4 15. axb4 Qb6 16. Be3 Qxb4 17. Rfb1 Qe4 18. Qc7 Bd5 19. Rc1 a6 20.
Ne1 Qe5 21. Bxd5 Qxd5 22. Ra5 Qb3 23. Nd3 h6 24. Bd4 Kh7 25. Rca1 Rfc8 26.
Qd6 Qc4 27. Rc1 Qb3 28. Rca1 Qc4 29. Rc1 Qb3 1/2-1/2

[Event "Corus 2010 - C"]
[Site "Wijk aan Zee"]
[Date "18.01.2010"]
[Round "3C"]
[White "Bok,B"]
[Black "Lie,K"]
[Result "0-1"]
[WhiteElo "2322"]
[BlackElo "2547"]
[EventDate "2010.01.16"]

1. e4 c5 2. Nf3 g6 3. d4 cxd4 4. Nxd4 Bg7 5. c4 Nc6 6. Be3 Nf6 7. Nc3 O-O
8. Be2 d6 9. O-O Nxd4 10. Bxd4 Bd7 11. Qd2 Bc6 12. f3 a5 13. b3 Nd7 14. Be3
Nc5 15. Rab1 e6 16. Rfd1 Be5 17. Bd4 Qe7 18. Bf1 Rad8 19. Qe3 Bxd4 20. Rxd4
e5 21. Rd2 f5 22. exf5 gxf5 23. f4 Ne6 24. fxe5 f4 25. Qe1 dxe5 26. Rxd8
Qc5+ 27. Qf2 Rxd8 28. Re1 Qxf2+ 29. Kxf2 Rd2+ 30. Re2 Rxe2+ 31. Bxe2 e4 32.
a3 e3+ 33. Kf1 Kg7 34. b4 axb4 35. axb4 Kf6 36. b5 Be8 37. Bf3 Nd8 38. Ke2
Ke5 39. Nd5 Ne6 40. Kd3 Nd4 41. Nb4 Bg6+ 42. Kc3 Be4 43. Bxe4 Kxe4 44. b6
f3 45. gxf3+ Nxf3 46. Nd3 e2 47. c5 Ne5 48. Ne1 Ke3 49. Nc2+ Kf2 50. Kd4
Nc6+ 51. Kd5 Kf1 52. Kd6 Nb4 53. Nxb4 e1=Q 54. Nd5 Qe8 55. Ne7 Qd8+ 0-1

[Event "Corus 2010 - C"]
[Site "Wijk aan Zee"]
[Date "18.01.2010"]
[Round "3C"]
[White "Vocaturo,D"]
[Black "Van Kampen,R"]
[Result "1-0"]
[WhiteElo "2495"]
[BlackElo "2456"]
[EventDate "2010.01.16"]

1. e4 c5 2. Nf3 d6 3. d4 cxd4 4. Nxd4 Nf6 5. Nc3 a6 6. Bg5 Nbd7 7. Bc4 e6
8. Qe2 b5 9. Bb3 Nc5 10. O-O-O b4 11. Na4 Nxb3+ 12. axb3 Bd7 13. e5 dxe5
14. Qxe5 Rc8 15. Rhe1 Be7 16. Nf5 exf5 17. Nb6 Rc7 18. Nd5 Nxd5 19. Qxg7
Rf8 20. Rxd5 f6 21. Bxf6 Rf7 22. Qg8+ Rf8 23. Qg5 1-0

[Event "Corus 2010 - C"]
[Site "Wijk aan Zee"]
[Date "18.01.2010"]
[Round "3C"]
[White "Plukkel,S"]
[Black "Li Chao2"]
[Result "0-1"]
[WhiteElo "2279"]
[BlackElo "2604"]
[EventDate "2010.01.16"]

1. e4 c5 2. Nf3 d6 3. Nc3 Nf6 4. e5 dxe5 5. Nxe5 a6 6. a4 e6 7. g3 Qc7 8.
Qe2 Nc6 9. Nxc6 Qxc6 10. f3 b6 11. Bg2 Bb7 12. b3 h5 13. O-O h4 14. f4
Qxg2+ 15. Qxg2 Bxg2 16. Kxg2 O-O-O 17. d3 hxg3 18. hxg3 Ng4 19. Rh1 Rxh1
20. Kxh1 Be7 21. Kg2 Rh8 22. Kf3 f5 23. Ne2 Bf6 24. Ra2 Rh1 25. Kg2 Rd1 26.
Ba3 Rd2 27. Kf3 Bd4 0-1

[Event "Corus 2010 - C"]
[Site "Wijk aan Zee"]
[Date "19.01.2010"]
[Round "4C"]
[White "Lie,K"]
[Black "Vocaturo,D"]
[Result "1-0"]
[WhiteElo "2547"]
[BlackElo "2495"]
[EventDate "2010.01.16"]

1. c4 g6 2. g3 Bg7 3. Bg2 Nf6 4. Nc3 O-O 5. d3 d6 6. Bg5 h6 7. Bd2 e5 8. e4
c6 9. Nge2 Na6 10. O-O Nc5 11. b4 Ne6 12. f4 Nd4 13. h3 Nxe2+ 14. Nxe2 exf4
15. gxf4 Nh5 16. d4 c5 17. bxc5 dxc5 18. d5 Bxa1 19. Qxa1 Re8 20. f5 Bxf5
21. Nf4 Nxf4 22. Bxf4 g5 23. Be5 Rxe5 24. Qxe5 Bg6 25. d6 Qd7 26. Rf6 Re8
27. Qxc5 Bxe4 28. Bxe4 Rxe4 29. Rxh6 Qd8 30. d7 Re1+ 31. Kf2 Rd1 32. Qe5
Qb6+ 33. Rxb6 1-0

[Event "Corus 2010 - C"]
[Site "Wijk aan Zee"]
[Date "19.01.2010"]
[Round "4C"]
[White "Grandelius,N"]
[Black "Bok,B"]
[Result "0-1"]
[WhiteElo "2515"]
[BlackElo "2322"]
[EventDate "2010.01.16"]

1. c4 Nf6 2. g3 g6 3. Bg2 d5 4. cxd5 Nxd5 5. Nc3 Nxc3 6. bxc3 Bg7 7. Rb1
Nc6 8. h4 h6 9. Qa4 O-O 10. h5 g5 11. f4 e5 12. Ba3 Re8 13. f5 e4 14. Bxe4
Nd4 15. Bg2 Bxf5 16. Rxb7 Nc2+ 17. Kf2 Qxd2 18. Bf3 Qe1+ 19. Kg2 Ne3+ 20.
Kh2 Qf2+ 21. Bg2 Qxg2+ 0-1

[Event "Corus 2010 - C"]
[Site "Wijk aan Zee"]
[Date "19.01.2010"]
[Round "4C"]
[White "Gupta,Ab"]
[Black "Peng Zhaoqin"]
[Result "1/2-1/2"]
[WhiteElo "2577"]
[BlackElo "2402"]
[EventDate "2010.01.16"]

1. d4 d5 2. c4 c6 3. Nc3 dxc4 4. e4 b5 5. a4 b4 6. Na2 Nf6 7. e5 Nd5 8.
Bxc4 e6 9. Nf3 Ba6 10. Bxa6 Nxa6 11. O-O c5 12. Qe2 Qb6 13. Be3 Be7 14. Nc1
O-O 15. Nb3 Nxe3 16. fxe3 cxd4 17. exd4 Nc7 18. Nfd2 f6 19. exf6 Bxf6 20.
Kh1 Rad8 21. Ne4 Qa6 22. Qxa6 Nxa6 23. Rfd1 Rc8 24. Rac1 Rfd8 25. g3 Kf8
26. Kg2 h6 27. Kf3 Ke7 28. Ke3 Nc7 29. Ke2 Nd5 30. Na5 Rxc1 31. Rxc1 Kf7
32. Kd3 Rd7 33. Rc4 e5 34. Nc6 exd4 35. a5 b3 36. a6 h5 37. Na5 Be7 38. Nc6
Bf6 39. h4 Rc7 40. Nxd4 Be7 41. Nb5 Rd7 42. Ke2 Nb4 43. Ng5+ Kg6 44. Nf3
Kh7 45. Ng5+ Kg6 46. Nh3 Kf7 47. Nf4 Nxa6 48. Nd3 Bf6 49. Rc1 Re7+ 50. Kf3
Rd7 51. Ke4 Ke7 52. Ra1 Nc7 53. Nxa7 Rd4+ 54. Ke3 Nd5+ 55. Ke2 Re4+ 56. Kd2
Rc4 57. Rc1 1/2-1/2

[Event "Corus 2010 - C"]
[Site "Wijk aan Zee"]
[Date "19.01.2010"]
[Round "4C"]
[White "Robson,R"]
[Black "Kuipers,S"]
[Result "1-0"]
[WhiteElo "2570"]
[BlackElo "2340"]
[EventDate "2010.01.16"]

1. e4 c5 2. Nf3 Nc6 3. d4 cxd4 4. Nxd4 Nf6 5. Nc3 e5 6. Ndb5 d6 7. Bg5 a6
8. Na3 b5 9. Bxf6 gxf6 10. Nd5 Bg7 11. Bd3 Ne7 12. Nxe7 Qxe7 13. O-O O-O
14. c4 f5 15. Qf3 d5 16. cxd5 fxe4 17. Bxe4 Rb8 18. Rfd1 Qd6 19. g4 f5 20.
gxf5 Qf6 21. Nc2 Bxf5 22. Qxf5 Qxf5 23. Bxf5 Rxf5 24. Nb4 Bf8 25. Nc6 Rb7
26. Rac1 Rg7+ 27. Kf1 Bd6 28. Nd8 e4 29. Ne6 e3 30. f4 Rg4 31. Rc6 Bxf4 32.
Rc8+ Kf7 33. Rf8+ Kg6 34. Rg8+ Kh5 35. Rxg4 Bd6+ 36. Rf4 Bxf4 37. Ng7+ Kg4
38. Nxf5 Kf3 39. Nd4+ 1-0

[Event "Corus 2010 - C"]
[Site "Wijk aan Zee"]
[Date "19.01.2010"]
[Round "4C"]
[White "Swinkels,R"]
[Black "Muzychuk,M"]
[Result "1-0"]
[WhiteElo "2495"]
[BlackElo "2447"]
[EventDate "2010.01.16"]

1. Nf3 f5 2. d3 Nc6 3. e4 d6 4. exf5 Bxf5 5. d4 e6 6. Bd3 Bxd3 7. Qxd3 Qd7
8. O-O Nf6 9. Bf4 h6 10. Nbd2 g5 11. Bg3 O-O-O 12. c3 Ne7 13. Rfe1 Nf5 14.
Re2 Bg7 15. Rae1 Rde8 16. Ne4 Nh5 17. b4 g4 18. Nfd2 Nhxg3 19. Nxg3 Nxg3
20. hxg3 h5 21. Ne4 e5 22. dxe5 Rxe5 23. Nd2 h4 24. Rxe5 Bxe5 25. Nc4 Bg7
26. gxh4 Rxh4 27. g3 Rh8 28. Ne3 Be5 29. c4 Qe6 30. Qe4 Rg8 31. Kg2 Qg6 32.
Qxg6 Rxg6 33. Rh1 Bf6 34. Rh7 Kd8 35. Nd5 Bd4 36. Rxc7 b5 37. Rf7 Rg5 38.
Rf4 Be5 39. Rf8+ Kd7 40. Rf7+ Ke8 41. Re7+ Kd8 42. Rxa7 Bd4 43. Ra8+ Kd7
44. Ra5 bxc4 45. Nb6+ Bxb6 46. Rxg5 c3 47. Rxg4 d5 48. Rg7+ Kc6 49. Rg6+
Kd7 50. b5 d4 51. Rc6 Ba5 52. Kf3 d3 53. Ke3 d2 54. Ke2 1-0

[Event "Corus 2010 - C"]
[Site "Wijk aan Zee"]
[Date "21.01.2010"]
[Round "5C"]
[White "Muzychuk,M"]
[Black "Soumya,Sw"]
[Result "1-0"]
[WhiteElo "2447"]
[BlackElo "2323"]
[EventDate "2010.01.16"]

1. e4 c6 2. d4 d5 3. Nc3 dxe4 4. Nxe4 Bf5 5. Ng3 Bg6 6. h4 h6 7. Nf3 Nd7 8.
h5 Bh7 9. Bd3 Bxd3 10. Qxd3 e6 11. Bf4 Qa5+ 12. Bd2 Bb4 13. c3 Be7 14. c4
Qc7 15. O-O-O Ngf6 16. Ne4 Rd8 17. Nxf6+ Nxf6 18. Kb1 c5 19. Bc3 O-O 20.
Qc2 cxd4 21. Bxd4 Rc8 22. Ne5 Bd6 23. f4 Nd5 24. Rc1 Nxf4 25. Qe4 f6 26.
Ng6 f5 27. Qe3 e5 28. Nxe5 Rfe8 29. Qxf4 Bxe5 30. Qxf5 Bxd4 31. Qd5+ Kh8
32. Qxd4 Re2 33. Rhe1 Rxg2 34. Re6 Rd8 35. Rxh6+ Kg8 36. Qe4 Rxb2+ 37. Kxb2
gxh6 38. Qe6+ Kh8 39. Qxh6+ Qh7 40. Qxh7+ Kxh7 41. Re1 Kh6 42. Re7 Rb8 43.
Re5 Rc8 44. Kb3 Rc6 45. Rb5 Rc7 46. Ra5 b6 47. Rd5 Rf7 48. Kb4 Rf2 49. a3
Rf7 50. a4 Rf1 51. a5 Rb1+ 52. Kc3 Rc1+ 53. Kb3 Re1 54. axb6 axb6 55. Rb5
Re3+ 56. Kb4 Re6 57. Rd5 Rc6 58. Kb5 Re6 59. Rd8 Kxh5 60. Rb8 Kg5 61. Rxb6
Re1 62. Rd6 Kf5 63. Rd8 Kf6 64. c5 Ke7 65. Rd3 Rb1+ 66. Kc6 Rc1 67. Kb6 1-0

[Event "Corus 2010 - C"]
[Site "Wijk aan Zee"]
[Date "21.01.2010"]
[Round "5C"]
[White "Kuipers,S"]
[Black "Swinkels,R"]
[Result "1/2-1/2"]
[WhiteElo "2340"]
[BlackElo "2495"]
[EventDate "2010.01.16"]

1. e4 c5 2. Nf3 e6 3. d4 cxd4 4. Nxd4 Nc6 5. Nc3 Qc7 6. f4 a6 7. Be3 b5 8.
Bd3 Bb7 9. Qd2 Nf6 10. e5 b4 11. Ncb5 axb5 12. Nxb5 Qb8 13. exf6 gxf6 14.
Bb6 Bd6 15. O-O Ba6 16. Nxd6+ Qxd6 17. Qe3 Bxd3 18. Rfd1 Ne7 19. Rxd3 Nd5
20. Qc5 Qxb6 21. Rxd5 Qxc5+ 22. Rxc5 Ke7 23. c3 Rhb8 24. b3 bxc3 25. Rxc3
Ra3 26. Rh3 d5 27. Rc1 Rb7 28. Rxh7 Rxa2 29. h4 d4 30. h5 Ra8 31. h6 f5 32.
Rg7 Rh8 33. Rg3 Rxh6 34. Rc4 Rh8 35. Rxd4 Rc8 36. Rdd3 Rc1+ 37. Kf2 Rc2+
38. Kg1 Rb2 39. Rgf3 Ra7 40. Rc3 Raa2 41. Rg3 Kf6 42. Rce3 Rb1+ 43. Kh2 Ra8
44. Rh3 Rb8 45. Rc3 Rb4 46. Rhf3 Re1 47. Rc2 Rb1 1/2-1/2

[Event "Corus 2010 - C"]
[Site "Wijk aan Zee"]
[Date "21.01.2010"]
[Round "5C"]
[White "Peng Zhaoqin"]
[Black "Robson,R"]
[Result "0-1"]
[WhiteElo "2402"]
[BlackElo "2570"]
[EventDate "2010.01.16"]

1. d4 Nf6 2. c4 e6 3. Nf3 c5 4. d5 b5 5. dxe6 fxe6 6. cxb5 a6 7. Bg5 Qa5+
8. Nbd2 axb5 9. e4 Nxe4 10. Bd3 Bb7 11. O-O Nxg5 12. Nxg5 g6 13. Nxh7 Be7
14. Bxg6+ Kd8 15. Re1 Kc7 16. h4 Nc6 17. Nf3 Rag8 18. h5 Qb4 19. Nhg5 Bxg5
20. Nxg5 Ne7 21. Ne4 Nxg6 22. Qd6+ Kc8 23. a3 Qd4 24. Rad1 Qxd6 25. Nxd6+
Kc7 26. hxg6 Bc6 27. Nf7 Rh5 28. Ne5 Bd5 29. f3 d6 30. Nd3 Rh4 31. Kf2 Rxg6
32. Rh1 Rd4 33. Rh7+ Kb6 34. b4 Bb3 35. bxc5+ dxc5 36. Nxc5 Bxd1 0-1